Barriers of Small and Medium-Sized Enterprises in Public Procurement in Slovak Republic

Saved in:
Bibliographic Details
Main Author: Stašková, Slavomíra, 1989-
Format: Book Chapter
Language:English
Subjects:
Tags: Add Tag
No Tags, Be the first to tag this record!

MARC

LEADER 00000nla a2200000 4500
001 0240633
005 20240502073921.0
041 0 |a eng 
044 |a SK 
245 1 0 |a Barriers of Small and Medium-Sized Enterprises in Public Procurement in Slovak Republic  |c Slavomíra Stašková 
500 |a Abstrakt 
610 2 0 |a obstarávanie verejné 
610 2 0 |a bariéry podnikania 
610 2 0 |a podnik malý 
610 2 0 |a podnik stredný 
100 1 |a Stašková, Slavomíra, 1989-